The Electrical Engineering Hand books (Record no. 33553)

MARC details
000 -LEADER
fixed length control field 00391nam a2200157Ia 4500
008 - FIXED-LENGTH DATA ELEMENTS--GENERAL INFORMATION
fixed length control field 230524s9999 xx 000 0 und d
082 ## - DEWEY DECIMAL CLASSIFICATION NUMBER
Classification number 621.3
Item number DOR
100 ## - MAIN ENTRY--AUTHOR NAME
Personal name Richard C.Dorf
245 #4 - TITLE STATEMENT
Title The Electrical Engineering Hand books
250 ## - EDITION STATEMENT
Edition statement 2ND
260 ## - PUBLICATION, DISTRIBUTION, ETC. (IMPRINT)
Place of publication CALIFORNIA
Name of publisher CRC Press
Year of publication 1997
300 ## - PHYSICAL DESCRIPTION
Number of Pages XII;2683
500 ## - GENERAL NOTE
General note Quantity Number: 1
650 ## - SUBJECT ADDED ENTRY--TOPICAL TERM
Topical Term Electrical
942 ## - ADDED ENTRY ELEMENTS (KOHA)
Koha item type Books
Holdings
Lost status Damaged status Permanent Location Current Location Shelving location Date acquired Full call number Accession Number Koha item type
    Central Library, Trident Academy of Technology Central Library, Trident Academy of Technology General Stacks 05/24/2023 621.3 DOR 9048 Books
Trident Academy of Technology © 2023.
All rights reserved.                                                                                                                                                                                                        Designed by Team of Central Library .

Powered by Koha